[Event "Unterfranken-ch HT 54th"]
[Site "Moembris"]
[Date "2003.04.24"]
[Round "6"]
[White "Werner, Stefan1"]
[Black "Kapraun, Matthias"]
[Result "1/2-1/2"]
[WhiteElo "1757"]
[BlackElo "1668"]
[PlyCount "45"]
[EventDate "2003.04.21"]
[EventType "swiss"]
[EventRounds "9"]
[EventCountry "GER"]
[SourceTitle "EXT 2015"]
[Source "ChessBase"]
[SourceDate "2014.11.20"]
[SourceVersion "1"]
[SourceVersionDate "2014.11.20"]
[SourceQuality "1"]

1. d4 g6 2. c4 Bg7 3. g3 Nf6 4. Bg2 d6 5. Nc3 0-0 6. Nf3 c6 7. e4 Nbd7 8. 0-0 e5 9. d5 cxd5 10. cxd5 Nc5 11. Re1 Bg4 12. h3 Bxf3 13. Bxf3 a6 14. Be3 Rc8 15. Rc1 Re8 16. b4 Ncd7 17. Qd2 Nb6 18. Bxb6 Qxb6 19. a3 Qd8 20. Bg2 Nd7 21. Ne2 Nb6 22. Qd3 Re7 23. Rxc8 1/2-1/2

[Event "Unterfranken-ch HA 44th"]
[Site "Rieneck"]
[Date "1993.??.??"]
[Round "6"]
[White "Ossig, Matthias"]
[Black "Kapraun, Matthias"]
[Result "1-0"]
[WhiteElo "1798"]
[BlackElo "1511"]
[PlyCount "107"]
[EventDate "1993.04.12"]
[EventType "swiss"]
[EventRounds "9"]
[EventCountry "GER"]
[SourceTitle "EXT 2015"]
[Source "ChessBase"]
[SourceDate "2014.11.20"]
[SourceVersion "1"]
[SourceVersionDate "2014.11.20"]
[SourceQuality "1"]

1. c4 g6 2. Nc3 Nf6 3. d4 Bg7 4. e4 d6 5. Nf3 0-0 6. Be2 Nbd7 7. 0-0 e5 8. Bg5 Re8 9. d5 Nc5 10. b4 Na6 11. Rb1 c5 12. b5 Nc7 13. b6 axb6 14. Rxb6 Ra6 15. Qb3 Rxb6 16. Qxb6 Na6 17. Rb1 Qxb6 18. Rxb6 Nd7 19. Rb2 f6 20. Bd2 f5 21. Ng5 Nf8 22. f3 h6 23. Nh3 f4 24. Nf2 Nd7 25. Nb5 Bf8 26. Ba5 b6 27. Be1 Bb7 28. Nc3 Nc7 29. Na4 Na8 30. Nd3 Ba6 31. Nc1 Rb8 32. Nc3 Nc7 33. a4 Be7 34. N1a2 Kf7 35. Nb5 Bxb5 36. cxb5 Ra8 37. a5 Bd8 38. a6 Nf6 39. Nc3 Kg7 40. g3 g5 41. gxf4 gxf4 42. Bf1 Be7 43. Bh4 Rg8 44. Rg2+ Kf8 45. Rxg8+ Nxg8 46. Be1 Bf6 47. Na4 Na8 48. Bh3 Ne7 49. Ba5 Ke8 50. Nxb6 Nc7 51. a7 h5 52. Bd7+ Kf8 53. Nc4 Na8 54. Nxd6 1-0

[Event "Unterfranken-ch HA 44th"]
[Site "Rieneck"]
[Date "1993.??.??"]
[Round "8"]
[White "Riedl, Matthias"]
[Black "Kapraun, Matthias"]
[Result "1/2-1/2"]
[WhiteElo "1267"]
[BlackElo "1511"]
[PlyCount "83"]
[EventDate "1993.04.12"]
[EventType "swiss"]
[EventRounds "9"]
[EventCountry "GER"]
[SourceTitle "EXT 2015"]
[Source "ChessBase"]
[SourceDate "2014.11.20"]
[SourceVersion "1"]
[SourceVersionDate "2014.11.20"]
[SourceQuality "1"]

1. c4 Nf6 2. Nc3 g6 3. g3 Bg7 4. Bg2 0-0 5. e3 e6 6. d4 d5 7. cxd5 exd5 8. Nge2 c6 9. 0-0 Bg4 10. Qd2 Nbd7 11. b3 Re8 12. Bb2 Ne4 13. Nxe4 dxe4 14. Nc3 Bf5 15. Qc2 Nf6 16. Rad1 h5 17. h3 Qd7 18. Kh2 Qc7 19. Rd2 h4 20. Ne2 g5 21. Kg1 hxg3 22. fxg3 Qd7 23. g4 Bg6 24. Nc3 b5 25. b4 Qd6 26. a3 a5 27. bxa5 Rxa5 28. Qc1 Re6 29. Qe1 Bf8 30. Rff2 Qg3 31. Rfe2 Qxe1+ 32. Rxe1 Bxa3 33. Bxa3 Rxa3 34. Rc2 Re8 35. Rf1 Nd5 36. Nxd5 cxd5 37. Kf2 Rd8 38. Rb2 Ra5 39. Rfb1 Rb8 40. Bf1 f6 41. Bxb5 Ra3 42. Bc6 1/2-1/2

[Event "Unterfranken-ch HA 44th"]
[Site "Rieneck"]
[Date "1993.??.??"]
[Round "1"]
[White "Susallek, Markus"]
[Black "Kapraun, Matthias"]
[Result "1/2-1/2"]
[WhiteElo "1597"]
[BlackElo "1511"]
[PlyCount "66"]
[EventDate "1993.04.12"]
[EventType "swiss"]
[EventRounds "9"]
[EventCountry "GER"]
[SourceTitle "EXT 2015"]
[Source "ChessBase"]
[SourceDate "2014.11.20"]
[SourceVersion "1"]
[SourceVersionDate "2014.11.20"]
[SourceQuality "1"]

1. e4 e6 2. d4 d5 3. Nc3 Bb4 4. a3 Bxc3+ 5. bxc3 Nf6 6. Bg5 dxe4 7. f3 e3 8. Bd3 Nbd7 9. Ne2 0-0 10. 0-0 c5 11. Qe1 Qa5 12. Qh4 h6 13. Bxe3 Nd5 14. Bg5 N7f6 15. Bc1 Nxc3 16. Nxc3 Qxc3 17. Bxh6 Qxd4+ 18. Qxd4 cxd4 19. Bf4 Rd8 20. Rad1 b6 21. Be5 Nd5 22. Bxd4 Nf4 23. Be4 Ba6 24. Rfe1 Rac8 25. Be5 Nd5 26. Rd4 f6 27. Bg3 Nc3 28. Rxd8+ Rxd8 29. Bg6 Ne2+ 30. Kf2 Nxg3 31. Kxg3 e5 32. Re3 Rd4 33. Rc3 Rc4 1/2-1/2